Combinatorial theory
Uloženo v:
| Hlavní autor: | |
|---|---|
| Médium: | Kniha |
| Jazyk: | angličtina |
| Vydáno: |
Berlín
Springer-Verlag
1979
|
| Edice: | Grundlehren der mathematischen Wissenschaften, 234
|
| Témata: | |
| Tagy: |
Přidat tag
Žádné tagy, Buďte první, kdo vytvoří štítek k tomuto záznamu!
|
MARC
| LEADER | 00000nam a2200000 a 4500 | ||
|---|---|---|---|
| 001 | UCP1084 | ||
| 003 | CL-VaPUC | ||
| 008 | 990326e19790000GW |||||||||||||||||eng|d | ||
| 082 | 0 | 4 | |a 511.6 |b AIG |2 21 |
| 100 | 0 | |a Aigner, Martin |e author |9 426868 | |
| 245 | 1 | 0 | |a Combinatorial theory |
| 300 | |a 483 p | ||
| 942 | |c BK | ||
| 945 | |d 19990326 00:00:00 |a crobeson | ||
| 260 | |a Berlín |b Springer-Verlag |c 1979 | ||
| 650 | 0 | |a Análisis combinatorio |9 269849 | |
| 650 | 7 | |a RETICULOS |2 CL-VaPUC |9 426869 | |
| 650 | 7 | |a FUNCIONES DE INCIDENCIA |2 CL-VaPUC |9 426870 | |
| 650 | 7 | |a ENUMERACION |2 CL-VaPUC |9 426871 | |
| 650 | 7 | |a TEORIA DE ORDEN |2 CL-VaPUC |9 426872 | |
| 650 | 0 | |a Teoría de la codificación |9 263269 | |
| 650 | 0 | |a Teoría de grupos |9 270028 | |
| 583 | |a last modification |c 19990326 00:00:00 |k Rodrigo Vera | ||
| 490 | 0 | |a Grundlehren der mathematischen Wissenschaften, 234 | |
| 999 | |c 279800 |d 279798 | ||
| 952 | |0 0 |1 0 |4 0 |6 511_600000000000000_AIG_1979 |7 0 |8 A |9 319585 |a BIBMAT |b BIBMAT |d 2019-11-20 |i 1334182 |o 511.6 AIG 1979 |p 1334182 |r 2025-01-07 |w 2019-11-20 |y BK |k MAT | ||